| Tag |
First Indicator |
Second Indicator |
Subfields |
| LEADER |
00000cgm a2200000Ma 4500 |
| 001 |
in00005564483 |
| 006 |
m o c |
| 007 |
cr |n||||||||a |
| 007 |
vz |za|z| |
| 008 |
140513s2000 enk022 e o vueng d |
| 005 |
20241201231543.7 |
| 035 |
|
|
|a (OCoLC)ocn885259667
|
| 040 |
|
|
|a ALSTP
|b eng
|e pn
|c ALSTP
|d OCLCO
|d OCLCF
|d OCLCQ
|d OCLCO
|d OCLCQ
|d MNI
|d WYU
|d UPM
|d OCLCO
|d OCLCL
|
| 035 |
|
|
|a (OCoLC)885259667
|
| 049 |
|
|
|a TXAM
|
| 245 |
0 |
0 |
|a Wildlife SOS.
|n Series 3, Episode 3 /
|c written and produced by David Pollock.
|
| 260 |
|
|
|a London, England :
|b TVF International,
|c 2000.
|
| 300 |
|
|
|a 1 online resource (22 min.).
|
| 306 |
|
|
|a 002205
|
| 336 |
|
|
|a two-dimensional moving image
|b tdi
|2 rdacontent
|
| 337 |
|
|
|a computer
|b c
|2 rdamedia
|
| 338 |
|
|
|a online resource
|b cr
|2 rdacarrier
|
| 490 |
0 |
|
|a VAST: academic video online
|
| 500 |
|
|
|a Title from resource description page (viewed July 17, 2014).
|
| 520 |
|
|
|a In this episode we see the curious case of a Canada goose, without any evident signs of injuries, brought in the centre by a local resident. The two-week old badger Bill from the previous episode showed an allergic reaction towards goat's milk, while in Surrey another one of its kind, who has fallen into a drain, relies on Malcolm and Paula's rescue plan.
|
| 546 |
|
|
|a This edition in English.
|
| 650 |
|
0 |
|a Wildlife management.
|
| 650 |
|
0 |
|a Wildlife rehabilitation.
|
| 650 |
|
0 |
|a Wildlife rescue.
|
| 650 |
|
6 |
|a Faune
|x Réhabilitation.
|
| 650 |
|
6 |
|a Faune
|x Sauvetage.
|
| 650 |
|
7 |
|a Wildlife management.
|2 fast
|0 (OCoLC)fst01175323
|
| 650 |
|
7 |
|a Wildlife rehabilitation.
|2 fast
|0 (OCoLC)fst01175404
|
| 650 |
|
7 |
|a Wildlife rescue.
|2 fast
|0 (OCoLC)fst01175418
|
| 655 |
|
4 |
|a Alexander Street Video.
|
| 655 |
|
7 |
|a Documentary films.
|2 fast
|0 (OCoLC)fst01710390
|
| 655 |
|
7 |
|a Documentary films.
|2 lcgft
|
| 655 |
|
7 |
|a Documentaires.
|2 rvmgf
|
| 700 |
1 |
|
|a Barham, Terry.
|4 drt
|
| 700 |
1 |
|
|a Cowell, Simon,
|d 1952-
|4 nrt
|1 https://id.oclc.org/worldcat/entity/E39PCjrbpjDVYjQ3XxYVj4gKr3
|
| 700 |
1 |
|
|a Pollock, David.
|4 pro
|
| 758 |
|
|
|i has work:
|a Series 3, Episode 3 Wildlife SOS (MovingImage)
|1 https://id.oclc.org/worldcat/entity/E39PCFHQCKcykkPjTyMwKdcpT3
|4 https://id.oclc.org/worldcat/ontology/hasWork
|
| 856 |
4 |
0 |
|u http://proxy.library.tamu.edu/login?url=https://www.aspresolver.com/aspresolver.asp?AVN2;1797131
|z Connect to this streaming video (Alexander Street Press)
|t 0
|
| 955 |
|
|
|a Alexander Street Press subscription streaming video
|
| 994 |
|
|
|a 92
|b TXA
|
| 999 |
f |
f |
|s 99a9167b-3921-42d6-813d-d3039eabf1ed
|i 4276d898-0bc0-4eed-b8c9-d2250b980c12
|t 0
|
| 952 |
f |
f |
|a Texas A&M University
|b College Station
|c Electronic Resources
|d Available Online
|t 0
|h Library of Congress classification
|
| 998 |
f |
f |
|t 0
|l Available Online
|